Welcome to the Holygrace Academy Library

Please use search bar below to get started

CINDRELLA (Record no. 4967)

MARC details
000 -LEADER
fixed length control field 00314nam a22001457a 4500
020 ## - INTERNATIONAL STANDARD BOOK NUMBER
ISBN 978-846-46-976-3
082 ## - DEWEY DECIMAL CLASSIFICATION NUMBER
Classification number 823
Item number SOU/C
100 ## - MAIN ENTRY--AUTHOR NAME
Personal name SOUTHGATE, VERA
245 ## - TITLE STATEMENT
Title CINDRELLA
260 ## - PUBLICATION, DISTRIBUTION, ETC. (IMPRINT)
Place of publication UK
Name of publisher LADYBIRD
300 ## - PHYSICAL DESCRIPTION
Number of Pages 44
520 ## - SUMMARY, ETC.
Summary, etc ENGLISH SHORT STORY
650 ## - SUBJECT ADDED ENTRY--TOPICAL TERM
Topical Term ENGLISH SHORT STORY
Geographic subdivision UK
942 ## - ADDED ENTRY ELEMENTS (KOHA)
Koha item type Books
Holdings
Withdrawn status Lost status Collection code Home library Current library Shelving location Date acquired Source of acquisition Full call number Accession Number Koha item type
    Fiction Main Library Main Library SHELF-3-H-LADYBIRD STORY BOOKS 28/08/2029 PURCHASE 823 SOU/C 08342 Books